[Event "Tourn. n9491"]
[Site "www.chess-mail.com"]
[Date "2017.12.11"]
[Round "1"]
[White "Luizassis"]
[Black "Begory"]
[WhiteElo "1210"]
[BlackElo "1630"]
[Result "1-0"]
[Round "1"]
1.e4 e5
2.Ng1f3 Bf8c5
3.Nf3xe5 Qd8f6
4.d4 Bc5b6
5.Bf1c4 Ng8h6
6.O-O d6
7.Ne5f3 Bc8g4
8.Bc1xh6 Qf6xh6
9.Nb1c3 O-O
10.Qd1d3 Nb8c6
11.Ra1d1 Qh6g6
12.Rf1e1 Bg4h3
13.Nf3h4 Qg6g4
14.Qd3xh3 Qg4xh3
15.gxh3 Ra8d8
16.d5 Nc6e5
17.Bc4b5 g5
18.Nh4f5 Ne5f3
19.Kh1 Nf3xe1
20.Rd1xe1 a6
21.Bb5a4 Bb6xf2
22.Re1e2 Bf2c5
23.Re2g2 b5
24.Rg2xg5 Kh8
25.Ba4b3 Rd8e8
26.Rg5g7 Bc5d4
27.Rg7g3 Bd4xc3
28.bxc3 Re8xe4
29.Nf5e3 Rf8e8
30.Ne3f5 Re4e1
31.Kg2 a5
32.a4 Re8e5
33.Nf5h6 Re1e2
34.Kf1 Re2xh2
35.Rg3g8 { resign }
1-0

[Event "Tourn. n9537"]
[Site "www.chess-mail.com"]
[Date "2017.12.11"]
[Round "1"]
[White "Francesco"]
[Black "Falcoale"]
[WhiteElo "2130"]
[BlackElo "2000"]
[Result "1-0"]
[Round "1"]
1.e4 c5
2.Ng1f3 e6
3.d4 cxd4
4.Nf3xd4 Nb8c6
5.Nb1c3 a6
6.Bf1c4 b5
7.Bc4b3 Bc8b7
8.O-O Ra8c8
9.Bc1e3 Bf8e7
10.Qd1g4 Be7f6
11.Ra1d1 Nc6e5
12.Qg4g3 Ne5c4
13.Be3c1 e5
14.Nd4f5 g6
15.Bb3xc4 bxc4
16.Nf5d6 Kf8
17.Nd6xb7 Qd8c7
18.Nb7d6 Rc8d8
19.Bc1g5 Bf6xg5
20.Qg3xg5 h6
21.Qg5xe5 Rh8h7
22.Nc3d5 Qc7c6
23.Nd5f6 Ng8xf6
24.Qe5xf6 Rd8b8
25.b3 cxb3
26.cxb3 Qc6c5
27.Rd1c1 Qc5g5
28.Qf6xg5 hxg5
29.Rc1c8 Rb8xc8
30.Nd6xc8 f6
31.Nc8d6 Ke7
32.Rf1d1 Ke6
33.Nd6c4 Rh7h8
34.Rd1d6 Ke7
35.h3 Rh8c8
36.Kf1 Rc8xc4
37.Rd6xd7 Kxd7
38.bxc4 Kc6
39.Ke2 Kc5
40.Kd3 a5
41.a3 a4
42.g3 f5
43.e5 f4
44.gxf4 gxf4
45.e6 Kd6
46.Ke4 Kxe6
47.Kxf4 Kd6
48.Ke4 Kc5
49.Kd3 { resign }
1-0

[Event "Tourn. n9605"]
[Site "www.chess-mail.com"]
[Date "2017.12.11"]
[Round "1"]
[White "Falcoale"]
[Black "Norlavuaram"]
[WhiteElo "2000"]
[BlackElo "2130"]
[Result "1-0"]
[Round "1"]
1.e4 e5
2.Ng1f3 Nb8c6
3.Bf1c4 Bf8e7
4.O-O Ng8f6
5.d3 O-O
6.Nb1c3 d6
7.a3 h6
8.Nc3d5 Nf6xd5
9.Bc4xd5 Bc8d7
10.h3 Kh8
11.c3 f5
12.Nf3h2  { time }
1-0

[Event "Tourn. n9574"]
[Site "www.chess-mail.com"]
[Date "2017.12.11"]
[Round "1"]
[White "Norlavuaram"]
[Black "Hundegana"]
[WhiteElo "2140"]
[BlackElo "2030"]
[Result "0-1"]
[Round "1"]
1.e4 c5
2.Ng1f3 d6
3.d4 Ng8f6
4.Nb1c3 a6
5.Bf1e2 Nb8c6
6.O-O b5
7.dxc5 dxc5
8.e5 Qd8xd1
9.Rf1xd1 Nf6g8
10.Nc3d5 Ra8a7
11.Bc1e3 e6
12.Nd5c3 Bf8e7
13.Nc3e4 Ng8h6
14.Ne4d6 Be7xd6
15.exd6 Ra7d7
16.Be3xc5 O-O
17.c4 bxc4
18.Be2xc4 Kh8
19.Nf3d4 Nc6xd4
20.Rd1xd4 Nh6f5
21.Rd4d1 Bc8b7
 { time }
0-1

[Event "Tourn. n9605"]
[Site "www.chess-mail.com"]
[Date "2017.12.11"]
[Round "1"]
[White "Bigrezi"]
[Black "Norlavuaram"]
[WhiteElo "2220"]
[BlackElo "2150"]
[Result "1-0"]
[Round "1"]
1.e4 e5
2.Ng1f3 Nb8c6
3.Bf1b5 a6
4.Bb5a4 Ng8f6
5.Nb1c3 b5
6.Ba4b3 d6
7.Nf3g5 d5
8.Nc3xd5 Nc6d4
9.c3 Nd4xb3
10.Qd1xb3 Nf6xd5
11.Qb3xd5 Qd8xd5
12.exd5 Bf8d6
13.O-O Bc8b7
14.Rf1e1 O-O
15.Ng5e4 Bb7xd5
16.Ne4xd6  { time }
1-0

[Event "Tourn. n9568"]
[Site "www.chess-mail.com"]
[Date "2017.12.11"]
[Round "1"]
[White "Norlavuaram"]
[Black "Goofy"]
[WhiteElo "2150"]
[BlackElo "2280"]
[Result "0-1"]
[Round "1"]
1.e4 d5
2.exd5 Ng8f6
3.Nb1c3 Nf6xd5
4.Bf1c4 Nd5b6
5.Bc4b3 Nb8c6
6.Ng1e2 Bc8f5
7.O-O e6
8.d3 Bf8d6
9.Ne2g3 Bf5g6
10.Bc1d2 h5
11.Nc3e4 h4
12.Ne4xd6 Qd8xd6
13.Ng3e4 Bg6xe4
14.dxe4 h3
 { time }
0-1

[Event "Tourn. n9618"]
[Site "www.chess-mail.com"]
[Date "2017.12.11"]
[Round "1"]
[White "Vios"]
[Black "Norlavuaram"]
[WhiteElo "2210"]
[BlackElo "2100"]
[Result "1-0"]
[Round "1"]
1.d4 Ng8f6
2.Ng1f3 g6
3.c4 Bf8g7
4.Nb1c3 O-O
5.e4 d6
6.h3 e5
7.d5 Nf6h5
8.Bf1d3 Nb8d7
9.Bd3c2 Nh5f6
10.Bc1e3 Nf6e8
11.O-O f5
12.exf5  { time }
1-0

[Event "Tourn. n9606"]
[Site "www.chess-mail.com"]
[Date "2017.12.11"]
[Round "1"]
[White "Dussek"]
[Black "Sorim"]
[WhiteElo "1820"]
[BlackElo "2070"]
[Result "1-0"]
[Round "1"]
1.d4 Ng8f6
2.Bc1f4 d6
3.e3 Nb8c6
4.c3 Bc8f5
5.Nb1d2 e5
6.Bf4g5 Bf8e7
7.Ng1f3 h6
8.Bg5h4 Qd8d7
9.Bh4xf6 Be7xf6
10.d5 Nc6e7
11.e4 Bf5g4
12.Bf1e2 O-O
13.O-O c6
14.c4 a6
15.h3 Bg4h5
16.b4 cxd5
17.cxd5 Rf8c8
18.Nd2c4 b5
{ time. }
1-0

[Event "Tourn. n9527"]
[Site "www.chess-mail.com"]
[Date "2017.12.11"]
[Round "1"]
[White "Bigrezi"]
[Black "Norlavuaram"]
[WhiteElo "2160"]
[BlackElo "2070"]
[Result "1-0"]
[Round "1"]
1.e4 e5
2.Ng1f3 Nb8c6
3.Bf1b5 a6
4.Bb5a4 Ng8f6
5.Nb1c3 b5
6.Ba4b3 Bf8e7
7.d3 O-O
8.O-O d6
9.a4 b4
10.Nc3d5 Nc6b8
11.Bc1d2 a5
12.c3 Bc8a6
13.Nd5xf6 Be7xf6
14.cxb4 Ba6xd3
15.Rf1e1 axb4
16.Bd2xb4 Bd3a6
17.Bb4d2 Nb8d7
18.Bb3d5 Ra8b8
19.b4 Nd7b6
20.Bd5b3 Ba6c4
21.a5 Bc4xb3
22.Qd1xb3 Nb6d7
23.a6 Nd7b6
24.Ra1a5 Rb8a8
25.Bd2e3 Qd8b8
26.b5 h6
27.Ra5a2 Kh8
28.Re1c1 Ra8a7
29.Rc1c6 Rf8c8
30.Qb3xf7 Rc8f8
31.Qf7e6 Rf8e8
32.Qe6b3 Ra7a8
33.Ra2c2 Ra8a7
34.Nf3d2 Ra7a8
35.Rc6xc7 Re8e7
36.Rc7c6 Nb6c8
37.Rc6xc8  { time }
1-0

[Event "Tourn. n9594"]
[Site "www.chess-mail.com"]
[Date "2017.12.11"]
[Round "1"]
[White "Bojan"]
[Black "Norlavuaram"]
[WhiteElo "2000"]
[BlackElo "2120"]
[Result "1-0"]
[Round "1"]
1.e4 e5
2.Ng1f3 Nb8c6
3.c3 Bf8e7
4.d4 d6
5.d5 Nc6b8
6.h3 f5
7.Nb1d2 Ng8f6
8.Bf1d3 fxe4
9.Nd2xe4 O-O
10.c4 Nb8d7
11.Ne4g5 Nd7c5
12.Bd3c2 h6
13.Ng5e6 Nc5xe6
14.dxe6 Bc8xe6
15.b3 Qd8e8
16.Qd1d3 e4
17.Qd3e3 d5
18.Nf3d4 Be6f7
19.cxd5 Nf6xd5
20.Qe3e2 Be7b4
21.Bc1d2 e3
22.fxe3 Bb4xd2
23.Kxd2 c5
24.Nd4b5  { time }
1-0

[Event "Tourn. n9532"]
[Site "www.chess-mail.com"]
[Date "2017.12.11"]
[Round "1"]
[White "Norlavuaram"]
[Black "Abuelo"]
[WhiteElo "2070"]
[BlackElo "2200"]
[Result "0-1"]
[Round "1"]
1.e4 e5
2.Ng1f3 Qd8f6
3.Nb1c3 c6
4.d4 Bf8b4
5.dxe5 Bb4xc3
6.bxc3 Qf6g6
7.Qd1d3 h6
8.Bc1f4 Ng8e7
9.Bf4g3 O-O
10.Bf1e2 Nb8a6
11.Nf3d2 Na6c5
12.Qd3f3 b6
13.O-O Nc5e6
14.Qf3e3 c5
15.f4 Ne6d8
16.f5 Qg6h7
17.Nd2f3 Bc8b7
18.Ra1d1 Bb7c6
19.Be2d3 Nd8b7
20.Nf3d2 Nb7a5
21.f6 Ne7g6
22.Nd2f3 Bc6a4
23.Nf3h4 c4
24.fxg7 Rf8e8
25.Nh4f5 cxd3
26.Qe3xd3 Ng6xe5
27.Bg3xe5 Re8xe5
 { time }
0-1

[Event "Tourn. n9608"]
[Site "www.chess-mail.com"]
[Date "2017.12.11"]
[Round "1"]
[White "Ssharp"]
[Black "Fantomas"]
[WhiteElo "2240"]
[BlackElo "2130"]
[Result "1-0"]
[Round "1"]
1.e4 e5
2.Ng1f3 Nb8c6
3.Bf1c4 h6
4.Nb1c3 Ng8f6
5.d3 Bf8b4
6.Bc1d2 d6
7.h3 a6
8.O-O O-O
9.a3 Bb4a5
10.b4 Ba5b6
11.Nc3d5 Bb6a7
12.Nd5xf6 Qd8xf6
13.c3 Nc6e7
14.Qd1e2 Ne7g6
15.Kh2 Ng6f4
16.Bd2xf4 Qf6xf4
17.g3 Qf4f6
18.Nf3h4 g6
19.Qe2d2 g5
20.Nh4g2 Qf6g6
21.Qd2e2 Kg7
22.f4 f5
23.fxg5 hxg5
24.exf5 Bc8xf5
25.g4 Bf5d7
26.d4 Ra8e8
27.Rf1xf8 Re8xf8
28.Bc4d3 Qg6f6
29.Qe2e4 Rf8h8
30.Ra1f1 Qf6h6
31.Qe4f3 Bd7e8
32.Ng2e3 Kg8
33.Qf3d5 { resign }
1-0

[Event "Match"]
[Site "www.echecsemail.com"]
[Date "2017.12.11"]
[Round "1"]
[White "Apdash"]
[Black "Billyg"]
[WhiteElo "2310"]
[BlackElo "1770"]
[Result "1-0"]
[Round "1"]
1.d4 Nb8c6
2.d5 Nc6e5
3.e4 h6
4.f4 Ne5g6
5.Ng1f3 d6
6.Bc1e3 Bc8g4
7.Bf1e2 Ng8f6
8.Nb1d2 e5
9.fxe5 dxe5
10.O-O Qd8e7
11.Be2b5 Nf6d7
12.Nd2b3 a6
13.Bb5xd7 Qe7xd7
14.c4 O-O-O
15.Qd1c2 Bg4xf3
16.Rf1xf3 Ng6h4
17.Rf3f2 b6
18.a4 Qd7g4
19.Rf2xf7 Bf8b4
20.c5 b5
21.axb5 Rh8f8
22.Rf7xf8 Rd8xf8
23.c6 Nh4f3
24.Kh1 Nf3e1
25.Ra1xe1 axb5
26.Be3c5 Rf8f4
27.Bc5xb4 h5
28.Kg1 h4
29.Re1f1 Rf4xf1
30.Kxf1 Qg4f4
31.Qc2f2 { resign }
1-0

[Event "Match"]
[Site "www.echecsemail.com"]
[Date "2017.12.11"]
[Round "1"]
[White "Paco"]
[Black "Gidi5"]
[WhiteElo "1960"]
[BlackElo "1499"]
[Result "0-1"]
[Round "1"]
1.e4 e5
2.Ng1f3 Nb8c6
3.Bf1c4 Bf8e7
4.d3 d6
5.Nb1c3 Ng8f6
6.Nf3g5 O-O
7.h4 Nc6a5
8.Bc4d5 c6
9.b4 cxd5
10.bxa5 d4
11.Nc3d5 Nf6xd5
12.exd5 Qd8xa5
13.Bc1d2 Qa5xd5
14.Qd1h5 Bc8f5
15.Rh1h2 Bf5g6
16.Qh5g4 f5
17.Qg4e2 h6
18.h5 Be7xg5
19.hxg6 Bg5xd2
20.Qe2xd2 Ra8e8
21.a4 e4
22.Kf1 e3
23.fxe3 dxe3
24.Qd2e2 Qd5e5
25.Rh2xh6 Qe5f4
26.Qe2f3 Qf4xh6
27.Qf3d5 Kh8
28.Qd5xd6 e2
29.Kf2 Qh6e3
30.Ke1 Qe3g1
31.Kd2 e1Q
32.Ra1xe1 Qg1xe1
{ resign }
0-1

[Event "Match"]
[Site "www.echecsemail.com"]
[Date "2017.12.11"]
[Round "1"]
[White "Luke1302"]
[Black "Lion123"]
[WhiteElo "1270"]
[BlackElo "1399"]
[Result "0-1"]
[Round "1"]
1.e4 g6
2.c3 Bf8g7
3.Ng1f3 d6
4.g3 e5
5.b3 Ng8f6
6.Nf3g1 Nf6xe4
7.Qd1e2 Ne4f6
8.Bf1g2 Bc8g4
9.f3 Bg4e6
10.Bc1a3 Nb8c6
 { time }
0-1

[Event "Match"]
[Site "www.echecsemail.com"]
[Date "2017.12.11"]
[Round "1"]
[White "Joaodelisboa"]
[Black "Paco"]
[WhiteElo "1599"]
[BlackElo "1980"]
[Result "1-0"]
[Round "1"]
1.e4 e5
2.Ng1f3 Nb8c6
3.d4 exd4
4.Nf3xd4 Qd8f6
5.Nd4xc6 Qf6xc6
6.Bf1d3 Bf8c5
7.O-O d6
8.Nb1c3 Bc8e6
9.Bd3b5 Be6d7
10.Bb5xc6 Bd7xc6
11.Qd1g4 Bc5d4
12.Nc3d5 Bc6xd5
13.exd5 Bd4e5
14.Bc1e3 Ng8e7
15.Qg4e4 O-O
16.Be3d4 f5
17.Qe4d3 f4
18.Bd4xe5 dxe5
19.f3 Ra8d8
20.Ra1d1 a6
21.Qd3c4 Ne7f5
22.d6 Kh8
23.dxc7 Rd8c8
24.Rf1e1 Nf5e3
25.Re1xe3 fxe3
26.Rd1e1 b5
27.Qc4c6 Rf8f6
28.Qc6d7 Rf6f8
29.Re1xe3 Kg8
30.Re3xe5 b4
31.Re5e7 Rf8e8
32.Re7xg7 { resign }
1-0

[Event "Match"]
[Site "www.echecsemail.com"]
[Date "2017.12.11"]
[Round "1"]
[White "Hundegana"]
[Black "Mystakerchon"]
[WhiteElo "2060"]
[BlackElo "1399"]
[Result "1-0"]
[Round "1"]
1.Ng1f3 Nb8c6
2.e3 d5
3.h3 e5
4.Bf1b5 Bc8d7
5.Bb5xc6 Bd7xc6
6.Nf3xe5 Ng8e7
7.Ne5xc6 Ne7xc6
8.a3 g6
9.O-O Bf8g7
10.c3 Qd8d6
11.d4 O-O-O
12.b4 b5
13.a4 a6
14.axb5 axb5
15.Qd1e2 f5
16.Qe2xb5 h5
17.Nb1d2 Rh8f8
18.Ra1a6 Kd7
19.Nd2f3 Rd8b8
20.Qb5a4 Rf8e8
21.b5 Rb8b6
22.bxc6 Ke7
23.Ra6xb6 cxb6
24.Bc1a3 { resign }
1-0

[Event "Match"]
[Site "www.echecsemail.com"]
[Date "2017.12.11"]
[Round "1"]
[White "Lion123"]
[Black "Begory"]
[WhiteElo "1399"]
[BlackElo "1550"]
[Result "1-0"]
[Round "1"]
1.e4 e5
2.Ng1f3 Nb8c6
3.Bf1b5 a6
4.Bb5a4 Bf8c5
5.c3 Ng8f6
6.O-O O-O
7.d4 exd4
8.cxd4 Bc5e7
9.Nb1c3 Be7b4
10.Bc1g5 b5
11.Ba4b3 h6
12.Bg5h4 Bb4xc3
13.bxc3 a5
14.e5 Nf6e8
15.Bh4xd8 d6
16.Bb3d5 Bc8b7
17.Bd5xc6 Bb7xc6
18.Bd8e7 { resign }
1-0

[Event "1/8 Finale"]
[Site "www.chess-mail.com"]
[Date "2017.12.11"]
[Round "1"]
[White "Bevittsmith"]
[Black "Sachpat"]
[WhiteElo "2230"]
[BlackElo "2810"]
[Result "0-1"]
[Round "1"]
1.e4 c5
2.Ng1f3 d6
3.d4 cxd4
4.Nf3xd4 Ng8f6
5.Nb1c3 a6
6.Bf1e2 e5
7.Nd4b3 Bc8e6
8.O-O Bf8e7
9.Bc1e3 Nb8d7
10.f4 Qd8c7
11.f5 Be6c4
12.Kh1 h6
13.a4 O-O
14.a5 d5
15.exd5 Bc4xb3
16.cxb3 Be7b4
17.Ra1a4 Qc7d6
18.Rf1f3 Rf8d8
19.Rf3g3 Kf8
20.Be2f3 Ra8c8
21.Be3d2 Bb4c5
22.Ra4h4 Bc5f2
{ resign }
0-1

[Event "1/16 Finale"]
[Site "www.chess-mail.com"]
[Date "2017.12.11"]
[Round "1"]
[White "Vega"]
[Black "Sbb"]
[WhiteElo "2510"]
[BlackElo "2570"]
[Result "1-0"]
[Round "1"]
1.e4 e6
2.d4 d5
3.e5 c5
4.c3 Qd8b6
5.Ng1f3 Nb8c6
6.Bf1d3 cxd4
7.cxd4 Bc8d7
8.Bd3e2 Ng8h6
9.Nb1c3 Nh6f5
10.Nc3a4 Qb6a6
11.Be2xa6 { resign }
1-0

[Event "Tourn. n9618"]
[Site "www.chess-mail.com"]
[Date "2017.12.12"]
[Round "1"]
[White "Norlavuaram"]
[Black "Piekki"]
[WhiteElo "2100"]
[BlackElo "2160"]
[Result "0-1"]
[Round "1"]
1.e4 c5
2.Ng1f3 Nb8c6
3.d4 cxd4
4.Nf3xd4 Ng8f6
5.Nb1c3 d6
6.Bf1e2 a6
7.O-O e6
8.Bc1e3 Bf8e7
9.Qd1d2 Bc8d7
10.Ra1d1 Ra8c8
 { time }
0-1

[Event "Tourn. n9647"]
[Site "www.chess-mail.com"]
[Date "2017.12.12"]
[Round "1"]
[White "Fantomas"]
[Black "Bojan"]
[WhiteElo "2200"]
[BlackElo "2030"]
[Result "1-0"]
[Round "1"]
1.e4 e5
2.Ng1f3 d6
3.d4 Qd8e7
4.dxe5 dxe5
5.Bf1d3 Bc8g4
6.Bc1e3 a6
7.h3 Bg4h5
8.Nb1d2 Ng8f6
9.c3 Nb8d7
10.b4 h6
11.O-O b6
12.Qd1c2 c5
13.a3 Ra8c8
14.Bd3xa6 Rc8c7
15.Ba6d3 Qe7e6
16.Bd3b5 Nf6h7
17.Qc2a4 Bf8e7
18.Qa4a8 Be7d8
19.Qa8d5 Qe6e7
20.Bb5xd7 Rc7xd7
21.Qd5xe5 Qe7xe5
22.Nf3xe5 Rd7e7
23.Ne5c6 Re7c7
24.Nc6xd8 Kxd8
25.g4 Bh5g6
26.f4 Nh7f6
27.f5 Bg6h7
28.Rf1d1 Kc8
29.Kf2 Rh8e8
30.Kf3 Kb7
31.Rd1e1 Nf6d7
32.Nd2c4 f6
33.Nc4d6 Kc6
34.Nd6xe8 Nd7e5
35.Ke2 Rc7e7
36.Ne8xg7 Re7xg7
37.Be3f4 Ne5c4
38.Re1d1 Rg7e7
39.Kf3 Bh7g8
40.a4 Re7a7
41.b5 Kb7
42.Rd1d7 { resign }
1-0

[Event "Tourn. n9637"]
[Site "www.chess-mail.com"]
[Date "2017.12.12"]
[Round "1"]
[White "Numanoid"]
[Black "Aperturaf"]
[WhiteElo "2390"]
[BlackElo "2620"]
[Result "0-1"]
[Round "1"]
1.d4 d5
2.Nb1c3 Ng8f6
3.Bc1g5 e6
4.e4 Bf8e7
5.e5 Nf6d7
6.Bg5xe7 Qd8xe7
7.Qd1h5 O-O
8.Bf1d3 g6
9.Qh5h6 c5
10.Ng1f3 cxd4
11.Nc3e2 Nb8c6
12.Nf3g5 f6
13.exf6 Nd7xf6
14.O-O e5
15.Ra1e1 Nf6g4
16.Qh6h4 e4
17.Bd3b5 h6
{ resign }
0-1

[Event "Tourn. n9599"]
[Site "www.chess-mail.com"]
[Date "2017.12.12"]
[Round "1"]
[White "Falcoale"]
[Black "Apdash"]
[WhiteElo "2000"]
[BlackElo "2280"]
[Result "0-1"]
[Round "1"]
1.e4 e5
2.Ng1f3 Nb8c6
3.Bf1c4 Bf8c5
4.O-O Ng8f6
5.d3 O-O
6.a3 d5
7.exd5 Nf6xd5
8.Rf1e1 Bc8g4
9.h3 Bg4h5
10.g4 Bh5g6
11.Nf3xe5 Nc6xe5
12.Nb1c3 Nd5xc3
13.bxc3 Ne5xc4
14.dxc4 Qd8h4
15.Qd1f3 c6
16.Bc1e3 Bc5xe3
17.Re1xe3 f5
18.Qf3g3 Qh4f6
19.gxf5 Qf6xf5
20.Re3e2 Qf5f3
21.Qg3xf3 Rf8xf3
22.Kh2 Ra8f8
23.Kg2 Rf3xc3
24.Ra1b1 b6
25.Re2e7 Rc3xc2
26.Rb1e1 Rc2xf2
27.Kg1 Rf2f7
28.Re7e6 c5
29.Re6e3 h6
30.Re3e6 Bg6d3
{ resign }
0-1

[Event "Tourn. n9573"]
[Site "www.chess-mail.com"]
[Date "2017.12.12"]
[Round "1"]
[White "Ditto"]
[Black "Attatroll"]
[WhiteElo "1880"]
[BlackElo "1970"]
[Result "0-1"]
[Round "1"]
1.e4 d6
2.Ng1f3 Nb8c6
3.d4 Ng8f6
4.Bf1b5 Bc8d7
5.O-O g6
6.Nb1c3 Bf8g7
7.Bc1g5 O-O
8.Rf1e1 a6
9.Bb5d3 e5
10.d5 Nc6e7
11.Qd1c1 b5
12.a3 c5
13.b3 h6
14.Bg5xh6 Nf6g4
15.Bh6xg7 Kxg7
16.Nc3e2 Rf8h8
17.h3 Ng4f6
18.Ne2g3 Nf6h5
19.Qc1g5 Nh5xg3
20.Qg5xg3 f5
21.Nf3g5 Rh8h5
22.exf5 Ne7xf5
23.Bd3xf5 Rh5xg5
24.Qg3e3 Rg5xf5
25.Qe3d3 Qd8h4
26.Qd3e3 Ra8f8
27.Re1f1 Rf5f4
28.g3 Qh4g5
29.g4 Bd7xg4
30.Qe3g3 Qg5f5
31.Ra1c1 Bg4xh3
32.Rf1e1 Rf4g4
33.Kh2 Rg4xg3
34.fxg3 Qf5f2
{ resign }
0-1

[Event "Tourn. n9629"]
[Site "www.chess-mail.com"]
[Date "2017.12.12"]
[Round "1"]
[White "Norlavuaram"]
[Black "Bira47"]
[WhiteElo "2100"]
[BlackElo "2060"]
[Result "0-1"]
[Round "1"]
1.e4 c5
2.Ng1f3 e6
3.d4 cxd4
4.Nf3xd4 a6
5.Bc1e3 b5
6.Bf1e2 Bc8b7
7.Nb1d2 Bf8e7
8.O-O h6
 { time }
0-1

[Event "Tourn. n9574"]
[Site "www.chess-mail.com"]
[Date "2017.12.12"]
[Round "1"]
[White "Orhany24"]
[Black "Norlavuaram"]
[WhiteElo "2130"]
[BlackElo "2140"]
[Result "1-0"]
[Round "1"]
1.e4 e5
2.Ng1f3 Nb8c6
3.Bf1c4 Bf8e7
4.c3 Ng8f6
5.O-O O-O
6.Rf1e1 d5
7.exd5 Nf6xd5
8.h3 Nd5b6
9.Bc4b3 Be7f6
10.d4 exd4
11.cxd4 Nb6d5
12.Nb1c3 Nc6e7
13.Nf3e5 c6
14.Nc3xd5 Ne7xd5
15.Bc1e3 Bc8e6
16.Qd1h5 g6
17.Qh5f3 Bf6g7
18.Ra1d1 Qd8f6
19.Qf3g3 Nd5xe3
20.Qg3xe3 Ra8d8
21.Qe3g3 Be6d5
22.Ne5g4 Qf6d6
23.Qg3h4 Bd5xb3
24.axb3 Qd6b4
25.Ng4f6 Bg7xf6
26.Qh4xf6  { time }
1-0

[Event "Tourn. n9534"]
[Site "www.chess-mail.com"]
[Date "2017.12.12"]
[Round "1"]
[White "Karousek"]
[Black "Norlavuaram"]
[WhiteElo "2160"]
[BlackElo "2070"]
[Result "1-0"]
[Round "1"]
1.e4 e5
2.Ng1f3 Nb8c6
3.Bf1b5 a6
4.Bb5a4 Ng8f6
5.O-O Bf8e7
6.Rf1e1 b5
7.Ba4b3 O-O
8.h3 d6
9.c3 Nc6b8
10.d4 Nb8d7
11.Nb1d2 Bc8b7
12.d5 Rf8e8
13.Nd2f1 Be7f8
14.Nf1g3 g6
15.Bc1g5 Bf8g7
16.Qd1d2 Qd8e7
17.h4 Qe7f8
18.Nf3h2 h6
19.Bg5e3 Kh7
20.Bb3c2 Nf6g8
21.f4 exf4
22.Be3xf4 Nd7e5
23.Nh2f3 Ne5c4
24.Qd2c1 Ng8f6
25.Re1f1 Nf6d7
26.h5 Nc4e5
27.hxg6 fxg6
28.Nf3d4 Qf8e7
29.Nd4e6 Nd7f6
30.Ne6xg7 Qe7xg7
31.Bf4xh6 Qg7xh6
32.Qc1xh6  { time }
1-0

[Event "Tourn. n9606"]
[Site "www.chess-mail.com"]
[Date "2017.12.12"]
[Round "1"]
[White "Falcoale"]
[Black "Estonia"]
[WhiteElo "2000"]
[BlackElo "1980"]
[Result "0-1"]
[Round "1"]
1.e4 c6
2.Ng1f3 d5
3.exd5 cxd5
4.d4 Nb8c6
5.Bc1f4 Ng8f6
6.Bf1e2 g6
7.O-O Bf8g7
8.c3 O-O
9.Rf1e1 Nf6h5
10.Bf4e3 Qd8c7
11.Qd1d2 Bc8g4
12.h3 Bg4d7
13.Be3h6 e5
14.Bh6xg7 Nh5xg7
15.dxe5 Nc6xe5
16.Nf3xe5 Qc7xe5
17.Nb1a3 Bd7c6
18.Ra1d1 Qe5c7
19.Be2f3 Ra8d8
20.Na3c2 Ng7f5
21.Nc2d4 Nf5xd4
22.Qd2xd4 a6
23.Rd1d2 Rd8e8
24.Re1xe8 Rf8xe8
25.b3 Re8e1
{ resign }
0-1

[Event "Tourn. n9522"]
[Site "www.chess-mail.com"]
[Date "2017.12.12"]
[Round "1"]
[White "Claymil"]
[Black "Falcoale"]
[WhiteElo "2060"]
[BlackElo "1990"]
[Result "0-1"]
[Round "1"]
1.c4 Ng8f6
2.Nb1c3 e6
3.g3 b6
4.Bf1g2 c6
5.e3 Bc8b7
6.Ng1e2 d6
7.O-O Bf8e7
8.d4 O-O
9.a3 Nb8d7
10.b4 Qd8c7
11.Bc1b2 Ra8d8
12.Qd1b3 c5
13.d5 e5
14.f4 Nf6g4
15.Nc3b5 Qc7b8
16.h3 Ng4f6
17.f5 a6
18.Nb5c3 b5
19.bxc5 Nd7xc5
20.Qb3c2 bxc4
21.e4 Rd8c8
22.a4 Rc8c7
23.Bb2a3 a5
24.Nc3b5 Rc7c8
25.Ra1b1 Rf8d8
26.Qc2xc4 Nc5a6
27.Qc4d3 Na6c5
28.Ba3xc5 Rc8xc5
29.Rf1c1 Nf6d7
30.g4 Qb8a8
31.Rc1xc5 Nd7xc5
32.Qd3c4 Rd8c8
33.Qc4a2 Bb7a6
34.Ne2c3 Nc5d3
35.Qa2d2 Nd3f4
36.Nc3e2 Nf4xg2
37.Kxg2 Rc8c4
38.Ne2c3 Ba6xb5
39.axb5 Qa8c8
40.Rb1c1 h6
41.Qd2b2 Be7d8
42.Kf3 Bd8b6
43.Nc3e2 Rc4xc1
44.Ne2xc1 Qc8c5
45.Qb2d2 Qc5xb5
46.Nc1e2 Qb5b3
47.Kg2 a4
48.Qd2c3 Qb3xc3
49.Ne2xc3 a3
50.Kf3 Kf8
51.Ke2 g6
52.Kd3 Bb6d4
53.Nc3a2 Ke7
54.Kc4 Kf6
55.Kb3 Kg5
56.Na2c1 Kh4
57.fxg6 fxg6
58.Kxa3 Kxh3
59.Nc1e2 Kxg4
60.Kb3 Kf3
{ resign }
0-1

[Event "Tourn. n9626"]
[Site "www.chess-mail.com"]
[Date "2017.12.12"]
[Round "1"]
[White "Libiesse"]
[Black "Malbertan"]
[WhiteElo "1840"]
[BlackElo "1950"]
[Result "1-0"]
[Round "1"]
1.d4 Ng8f6
2.c4 e5
3.dxe5 Nf6g4
4.Bc1f4 Qd8e7
5.Ng1f3 Qe7b4
6.Qd1d2 Qb4xc4
7.e3 Qc4b4
8.Nb1c3 Nb8c6
9.h3 Ng4h6
10.a3 Qb4e7
11.Bf1c4 g6
12.O-O Bf8g7
13.Ra1d1 O-O
14.Nc3d5 Qe7d8
15.Bf4g5 { resign }
1-0

[Event "Tourn. n9616"]
[Site "www.chess-mail.com"]
[Date "2017.12.12"]
[Round "1"]
[White "Piekki"]
[Black "Norlavuaram"]
[WhiteElo "2160"]
[BlackElo "2110"]
[Result "1-0"]
[Round "1"]
1.e4 e5
2.Ng1f3 Nb8c6
3.Bf1b5 a6
4.Bb5a4 Ng8f6
5.O-O Bf8e7
6.Rf1e1 b5
7.Ba4b3 O-O
8.d3 h6
9.a4 Bc8b7
10.axb5 axb5
11.Ra1xa8  { time }
1-0

[Event "Tourn. n9582"]
[Site "www.chess-mail.com"]
[Date "2017.12.12"]
[Round "1"]
[White "Coolant"]
[Black "Vaido12"]
[WhiteElo "2340"]
[BlackElo "2500"]
[Result "0-1"]
[Round "1"]
1.e4 e5
2.Ng1f3 Ng8f6
3.Nb1c3 Bf8b4
4.Nf3xe5 O-O
5.Ne5d3 Bb4xc3
6.dxc3 Nf6xe4
7.Bf1e2 Rf8e8
8.O-O d5
9.Nd3f4 Ne4f6
10.Bc1e3 Bc8f5
11.g4 Bf5e4
12.g5 Nf6d7
13.Nf4h5 Nb8c6
14.Be2f3 Be4xf3
15.Qd1xf3 Nd7e5
16.Qf3g2 Qd8d7
17.Ra1d1 Ra8d8
18.Rf1e1 Ne5g6
19.Be3d4 Nc6xd4
20.cxd4 Qd7f5
21.Re1e3 Ng6h4
22.Qg2g3 Re8xe3
23.fxe3 Nh4f3
24.Kh1 Nf3xh2
25.Nh5f6 gxf6
26.Rd1g1 Nh2f1
27.Qg3h4 Qf5f3
{ resign }
0-1

[Event "Tourn. n9566"]
[Site "www.chess-mail.com"]
[Date "2017.12.12"]
[Round "1"]
[White "Panham"]
[Black "Norlavuaram"]
[WhiteElo "2260"]
[BlackElo "2140"]
[Result "1-0"]
[Round "1"]
1.e4 e5
2.Ng1f3 Qd8e7
3.Bf1c4 h6
4.O-O Ng8f6
5.Rf1e1 g6
6.d4 d6
7.h3 Bf8g7
8.Nb1c3 c6
9.dxe5 dxe5
10.Bc1e3 O-O
11.Qd1d2 Kh7
12.Ra1d1 Nb8d7
13.Qd2d6 Qe7xd6
14.Rd1xd6 Nf6e8
15.Rd6d2 Ne8f6
16.Bc4d3 b6
17.Re1d1 Rf8e8
18.b4 Nd7f8
19.Bd3c4 Bc8e6
20.Bc4xe6 Re8xe6
21.Rd2d8 Ra8xd8
22.Rd1xd8 Re6e7
23.Nf3d2 Nf8e6
24.Rd8d6 c5
25.a3 cxb4
26.axb4 Nf6e8
27.Rd6d3 Ne6d4
28.Be3xd4  { time }
1-0

[Event "Match"]
[Site "www.echecsemail.com"]
[Date "2017.12.12"]
[Round "1"]
[White "Tarasch"]
[Black "Dussek"]
[WhiteElo "1499"]
[BlackElo "1830"]
[Result "0-1"]
[Round "1"]
1.d4 Ng8f6
2.c4 g6
3.Nb1c3 d5
4.cxd5 Nf6xd5
5.e4 Nd5xc3
6.bxc3 Bf8g7
7.Bf1c4 O-O
8.Ng1e2 c5
9.Bc1e3 Bc8g4
10.f3 Bg4d7
11.O-O cxd4
12.cxd4 Nb8c6
13.Ra1b1 b6
14.Qd1d2 e6
15.Rf1d1 Qd8c7
16.Rb1c1 Qc7b7
17.d5 Nc6e5
18.dxe6 Bd7xe6
19.Bc4xe6 fxe6
20.Qd2d6 Qb7f7
21.Rc1c7 Ne5xf3
22.gxf3 Qf7xf3
23.Qd6xe6 Kh8
24.Qe6e7 Qf3xe3
25.Kh1 Qe3f3
26.Kg1 Bg7d4
27.Ne2xd4 Qf3xd1
28.Kg2 Qd1f1
29.Kg3 Qf1f2
{ resign }
0-1

[Event "Match"]
[Site "www.echecsemail.com"]
[Date "2017.12.12"]
[Round "1"]
[White "Pwain"]
[Black "Apdash"]
[WhiteElo "2430"]
[BlackElo "2160"]
[Result "1-0"]
[Round "1"]
1.e4 c5
2.Ng1f3 d6
3.Bf1b5 Bc8d7
4.Bb5xd7 Qd8xd7
5.O-O Ng8f6
6.e5 dxe5
7.Nf3xe5 Qd7d5
8.Rf1e1 e6
9.Nb1c3 Qd5d8
10.d3 Bf8e7
11.Qd1f3 Qd8b6
12.Nc3a4 Qb6a6
13.b3 Nb8d7
14.Bc1a3 O-O
15.c4 Ra8c8
16.d4 Nd7xe5
17.Re1xe5 b6
18.dxc5 bxc5
19.Ra1d1 Rc8c7
20.h3 Nf6d7
21.Re5e2 Be7f6
22.Re2d2 Nd7e5
23.Qf3e3 Ne5xc4
24.Qe3e2 Rf8c8
25.Qe2xc4 Qa6a5
26.Rd2d3 Bf6d4
27.Ba3c1 Kh8
28.Bc1d2 { resign }
1-0

[Event "Match"]
[Site "www.echecsemail.com"]
[Date "2017.12.12"]
[Round "1"]
[White "Krystek23"]
[Black "Apdash"]
[WhiteElo "2470"]
[BlackElo "2310"]
[Result "1-0"]
[Round "1"]
1.c4 e5
2.Nb1c3 f5
3.g3 Ng8f6
4.Bf1g2 Bf8c5
5.e3 d6
6.Ng1e2 Nb8c6
7.O-O Bc8d7
8.a3 O-O
9.d3 Qd8e7
10.b4 Bc5b6
11.d4 exd4
12.exd4 a5
13.c5 axb4
14.Nc3d5 Nf6xd5
15.Bg2xd5 Kh8
16.cxb6 cxb6
17.Ne2f4 g5
18.Nf4d3 h6
19.Qd1b3 Kh7
20.Rf1e1 Qe7g7
21.Bc1b2 bxa3
22.Ra1xa3 Ra8xa3
23.Bb2xa3 f4
24.Ba3xd6 Nc6xd4
25.Bd6xf8 Qg7xf8
26.Qb3xb6 Qf8g7
27.Nd3e5 Nd4c6
28.Qb6b1 { resign }
1-0